000 00372nam a2200157Ia 4500
008 240729s9999 xx 000 0 und d
022 _a2673-6373
245 0 _aOral
260 _aSwitzerland
260 _bMDPI AG
650 _a Dentistry
650 _aMedicine
856 _uhttps://doaj.org/toc/8b4cb8f4399140c48cf3db59fd118c02
942 _2ddc
942 _cDOAJEJ
999 _c71859
_d71859
945 _a1
_bMadushi Gamage
_c1
_dMadushi Gamage